| 000 | 00824aam a2200301 4500 | ||
|---|---|---|---|
| 005 | 20161011152810.0 | ||
| 008 | 150618b xxu||||| |||| 00| 0 spa d | ||
| 041 | _aEspañol | ||
| 082 | _a005.262 S529v | ||
| 100 |
_aShapiro, Jeffrey R _926142 |
||
| 245 | _aVisual Basic.NET: manual de referencia | ||
| 260 | _aEspañol | ||
| 260 | _bMcGraw-Hill | ||
| 260 | _c2003 | ||
| 300 | _a891 páginas | ||
| 650 |
_aLENGUAJES DE PROGRAMACION _9372 |
||
| 650 |
_aVISUAL BASIC.NET _99600 |
||
| 650 |
_aESTRUCTURA DE DATOS _95630 |
||
| 650 |
_aCONTROL DE FLUJO _912235 |
||
| 650 |
_aOPERADORES _9376 |
||
| 650 |
_aPROGRAMACION ORIENTADA A OBJETOS _9377 |
||
| 650 |
_aINTERFACES _95533 |
||
| 650 |
_aUML _95536 |
||
| 650 |
_aXML _96653 |
||
| 650 |
_aPROCESAMIENTO DE DATOS _926143 |
||
| 650 |
_aMATRICES _9633 |
||
| 942 | _cBK | ||
| 999 |
_c1409 _d1409 |
||